000 00375nam a2200145Ia 4500
008 210210b1981 xxu||||| |||| 00| 0 eng d
082 _a539.721 KAGE
100 _aKAGANOV (M I) .
245 _aElectrons phonons magnons.
260 _aMoscow
_bMir Publishers
_c1981
300 _a260,iv
650 _aElectrons Phonons Magnons
690 _aAtomic Physics
906 _a043728
999 _c93086
_d93086